<?xml version="1.0" encoding="UTF-8"?>
<marc:record xmlns:marc="http://www.loc.gov/MARC21/slim">
   <marc:leader>00000nam a2200000 a 4500</marc:leader>
   <marc:datafield ind1="1" ind2=" " tag="100">
      <marc:subfield code="a">Patitz, Axel</marc:subfield>
      <marc:subfield code="4">aut</marc:subfield>
      <marc:subfield code="e">Verfasser/-in</marc:subfield>
   </marc:datafield>
   <marc:datafield ind1="1" ind2=" " tag="100">
      <marc:subfield code="a">Bausch, Peter</marc:subfield>
      <marc:subfield code="4">aut</marc:subfield>
      <marc:subfield code="e">Verfasser/-in</marc:subfield>
   </marc:datafield>
   <marc:datafield ind1="1" ind2=" " tag="100">
      <marc:subfield code="a">Maunder, Hilke</marc:subfield>
      <marc:subfield code="4">aut</marc:subfield>
      <marc:subfield code="e">Verfasser/-in</marc:subfield>
   </marc:datafield>
   <marc:datafield ind1=" " ind2=" " tag="653">
      <marc:subfield code="a">Chateau de Peyrepertuse</marc:subfield>
   </marc:datafield>
   <marc:datafield ind1=" " ind2=" " tag="653">
      <marc:subfield code="a">Collioure</marc:subfield>
   </marc:datafield>
   <marc:datafield ind1=" " ind2=" " tag="653">
      <marc:subfield code="a">Corniche des Cevennes</marc:subfield>
   </marc:datafield>
   <marc:datafield ind1=" " ind2=" " tag="653">
      <marc:subfield code="a">Frankreich</marc:subfield>
   </marc:datafield>
   <marc:datafield ind1=" " ind2=" " tag="653">
      <marc:subfield code="a">Gorges Du Tarn</marc:subfield>
   </marc:datafield>
   <marc:datafield ind1=" " ind2=" " tag="653">
      <marc:subfield code="a">Grotte des Demoiselles</marc:subfield>
   </marc:datafield>
   <marc:datafield ind1=" " ind2=" " tag="653">
      <marc:subfield code="a">Montpellier</marc:subfield>
   </marc:datafield>
   <marc:datafield ind1=" " ind2=" " tag="653">
      <marc:subfield code="a">Nimes</marc:subfield>
   </marc:datafield>
   <marc:datafield ind1=" " ind2=" " tag="653">
      <marc:subfield code="a">Perpignan</marc:subfield>
   </marc:datafield>
   <marc:datafield ind1=" " ind2=" " tag="653">
      <marc:subfield code="a">Pic Du Canigou</marc:subfield>
   </marc:datafield>
   <marc:datafield ind1=" " ind2=" " tag="653">
      <marc:subfield code="a">Viaduc de Millau</marc:subfield>
   </marc:datafield>
   <marc:datafield ind1=" " ind2=" " tag="653">
      <marc:subfield code="a">Narbonne</marc:subfield>
   </marc:datafield>
   <marc:datafield ind1=" " ind2=" " tag="653">
      <marc:subfield code="a">Softcover / Reisen/Reiseführer/Europa</marc:subfield>
   </marc:datafield>
   <marc:datafield ind1="0" ind2="0" tag="245">
      <marc:subfield code="a">MARCO POLO Reiseführer Languedoc-Roussillon, Cevennes</marc:subfield>
   </marc:datafield>
   <marc:datafield ind1="0" ind2="0" tag="245">
      <marc:subfield code="b">Reisen mit Insider-Tipps. Inklusive kostenloser Touren-App</marc:subfield>
   </marc:datafield>
   <marc:datafield ind1="0" ind2="0" tag="245">
      <marc:subfield code="c">Axel Patitz, Peter Bausch, Hilke Maunder</marc:subfield>
   </marc:datafield>
   <marc:datafield ind1=" " ind2="1" tag="264">
      <marc:subfield code="a">Ostfildern</marc:subfield>
      <marc:subfield code="b">MAIRDUMONT</marc:subfield>
      <marc:subfield code="c">2022</marc:subfield>
   </marc:datafield>
   <marc:datafield ind1="1" ind2=" " tag="490">
      <marc:subfield code="a">MARCO POLO Reiseführer</marc:subfield>
   </marc:datafield>
   <marc:datafield ind1=" " ind2=" " tag="250">
      <marc:subfield code="a">9. Auflage</marc:subfield>
   </marc:datafield>
   <marc:datafield ind1="1" ind2=" " tag="520">
      <marc:subfield code="a">Angaben aus der Verlagsmeldung

MARCO POLO Reiseführer Languedoc-Roussillon, Cevennes : Reisen mit Insider-Tipps. Inklusive kostenloser Touren-App / von Axel Patitz, Peter Bausch, Hilke Maunder

Mit dem MARCO POLO Reiseführer ins Languedoc-Roussillon und in die Cevennen Strandvergnügen und Kultur, quirlige Städte und wildromantische Landschaften – das Languedoc-Roussillon hat so einiges zu bieten. In den Badeorten am Mittelmeer verbringst du entspannte Stunden, im Hinterland steigst du zu den Burgen der Katharer hinauf. Die Pyrenäen und Cevennen locken mit einsamen Wanderbergen und wilden Gewässern zum Paddeln und Raften.

Mit dem MARCO POLO Reiseführer verpasst du kein Highlight der abwechslungsreichen Mittelmeerregion. Stell dir ganz einfach das Reiseprogramm zusammen, das dir am besten gefällt und entdecke das Languedoc-Roussillon abseits der bekannten Touristen-Pfade!

Wandertour rund um den Mont Lozére oder mit dem Rad durch die Petite Camargue: Erkunde die Region mit MARCO POLO Erlebnistouren und kostenloser Touren-App Essen, Shoppen, Sport: Tipps und Empfehlungen für alles, was du im Urlaub brauchst! Reisen mit Kindern, Unternehmungen für den kleinen Geldbeutel oder Ideen für schlechtes Wetter? MARCO POLO hat die Best-of-Tipps! Verpasse kein Highlight zwischen Provence und Pyrenäen mit den MARCO POLO Insider-Tipps Mit komplett überarbeitetem Kartenmaterial und Faltplan zum Herausnehmen

Endlosstrände und Bergabenteuer: Einfach mehr erleben mit MARCO POLO

Mit deinem MARCO POLO Reiseführer bist du immer mittendrin statt nur vor Ort. Leih dir ein Hausboot und schippere über den Canal du Midi, tauche mit der Zahnradbahn in die faszinierende Tropfsteinwelt der Cevennen ein oder unternimm an der Côte Vermeille eine Unterwassertour mit Inforadio am Schnorchel! Egal wofür du dich entscheidest: Mit deinem MARCO POLO Reiseführer Languedoc-Rousillon erlebst du einen Urlaub voller unvergesslicher Momente!  

</marc:subfield>
   </marc:datafield>
   <marc:datafield ind1=" " ind2=" " tag="020">
      <marc:subfield code="a">9783829750165</marc:subfield>
      <marc:subfield code="9">9783829750165</marc:subfield>
   </marc:datafield>
   <marc:datafield ind1=" " ind2=" " tag="020">
      <marc:subfield code="a">3829750161</marc:subfield>
      <marc:subfield code="9">3829750161</marc:subfield>
   </marc:datafield>
   <marc:datafield ind1=" " ind2=" " tag="041">
      <marc:subfield code="a">ger</marc:subfield>
   </marc:datafield>
   <marc:datafield ind1=" " ind2=" " tag="300">
      <marc:subfield code="a">144 Seiten</marc:subfield>
   </marc:datafield>
</marc:record>
